| 000 | 01305cam a2200241 4500 | ||
|---|---|---|---|
| 001 | 000014866 | ||
| 005 | 20200929163919.0 | ||
| 008 | 721211s1972 onca b 000 0 eng d | ||
| 020 | _a0802017983 | ||
| 020 | _a0802001149 (microfiche) | ||
| 040 |
_aDO-SdBNP _cDLC _dDLC _dBNPHU |
||
| 082 |
_aNNNN _bP467m |
||
| 245 | 0 | 0 |
_aPerspectives on modernization : _bessays in memory of Ian Weinberg / _cEdited by Edward B. Harvey. |
| 260 |
_aToronto, : _bUniversity of Toronto, _c1972. |
||
| 300 |
_axvii, 197 p. : _billus. ; _c25 cm. |
||
| 504 | _aIncludes bibliographical references. | ||
| 505 | 0 | _aWeinberg, I. The concept of modernization. Moore, W. E. Typical normative conflicts in stages of cultural change. Baum, R. C. On political modernity. Tilly, C. The modernization of political conflict in France. Clark, S. D. Rural migration and patterns of urban growth. Shorter, E. Sexual change and illegitimacy. Nishio, H. Political centralism and economic consequences. Barrett, S. R. Crisis and change in a West African utopia. Marsden, L. R., Harvey, E. B., and Bullock, J. Language barriers to modernization. | |
| 650 | 0 |
_aSocial change. _933677 |
|
| 650 | 0 |
_aSocial history _y20th century. _932668 |
|
| 700 | 1 |
_aWeinberg, Ian. _eed. _d1938-1969 _933678 |
|
| 910 | _aCatalogación derivada | ||
| 049 | _aBNGR | ||
| 999 |
_c14446 _d14446 |
||